Statistics for Actors in Lord of the Rings

Click here to take the quiz!

General Stats

  • This quiz has been taken 93 times
    (50 since last reset)
  • The average score is 16 of 39

Answer Stats

HintAnswer% Correct
Frodo BagginsElijah Wood
100%
Legolas GreenleafOrlando Bloom
93%
AragornViggo Mortensen
91%
SarumanChristopher Lee
89%
BoromirSean Bean
89%
Gandalf the GreyIan McKellen
86%
ArwenLiv Tyler
86%
Sam GamgeeSean Astin
86%
GaladrielCate Blanchett
84%
Bilbo BagginsIan Holm
80%
ElrondHugo Weaving
77%
GollumAndy Serkis
75%
Pippin TookBilly Boyd
73%
GimliJohn Rhys-Davies
64%
Merry BrandybuckDominic Monaghan
61%
EowynMiranda Otto
61%
TheodenBernard Hill
48%
FaramirDavid Wenham
43%
SauronSala Baker
34%
Grima WormtongueBrad Dourif
32%
CelebornMarton Csokas
27%
HaldirCraig Parker
23%
Rosie CottonSarah McLeod
18%
LurtzLawrence Makoare
16%
SnagaJed Brophy
14%
Albert Dreary (uncredited)Peter Jackson
11%
GamlingBruce Hopkins
9%
IsildurHarry Sinclair
9%
Gil-GaladMark Ferguson
9%
Everard ProudfootNoel Appleby
9%
The Ring (Voice)Alan Howard
7%
MadrilJohn Bach
7%
Witch-KingBrent McIntyre
5%
AldorBruce Allpress
5%
HalethCalum Gittins
5%
Farmer MaggotCameron Rhodes
5%
Barliman ButterburDavid Weatherley
5%
Mrs. ProudfootMegan Edwards
5%
EothainSam Comery
5%

Score Distribution

Percentile by Number Answered

Percent of People with Each Score

Your Score History

You have not taken this quiz since the last reset